| 000 | 00962nam a2200289 4500 | ||
|---|---|---|---|
| 003 | OSt | ||
| 005 | 20260530115305.0 | ||
| 008 | 260507b2001 xxua|||| |||| 00| 0 eng d | ||
| 020 | _a9985781465 | ||
| 040 |
_aICI _bspa _cICI |
||
| 041 | _aeng | ||
| 050 |
_aN3258.E87 _bA4 |
||
| 245 | 1 | 0 |
_aEesti Kunstiakadeemia = Estonian Academy of Arts / _cedited by Anneli Randla |
| 264 | 1 |
_aTallinn : _bEesti Kunstacadeemiamia, _c2001 |
|
| 300 |
_a325 páginas : _bilustraciones |
||
| 336 |
_atexto _2rdacontent |
||
| 337 |
_asin medio _2rdamedia |
||
| 338 |
_avolumen _2rdacarrier |
||
| 500 | _aPublicación institucional sobre la Academia de Artes de Estonia | ||
| 610 | 2 | 0 |
_aEstonian Academy of Arts _931763 |
| 650 | 4 |
_aEscuelas de arte _zEstonia _931764 |
|
| 650 | 4 |
_aEducación artística _zEstonia _931765 |
|
| 650 | 4 |
_aDiseño _xEstudio y enseñanza |
|
| 650 | 4 |
_aArte _zEstonia _xHistoria _931767 |
|
| 700 | 1 |
_aRandla, Anneli, _eeditora _931768 |
|
| 942 |
_2lcc _cBK _n1 |
||
| 999 |
_c13030 _d13030 |
||